| 000 | 00847nam a2200229Ia 4500 | ||
|---|---|---|---|
| 001 | 15934 | ||
| 003 | GE_BSU | ||
| 008 | 181216s||||||||xx |||||||||||||| ||und|| | ||
| 040 | _cGE_BSU | ||
| 080 | _a656.2(479.22)(092) | ||
| 245 | _aსწრაფვა | ||
| 245 | _bნარკვევი რკინიგზელ ირ. ფოცხვერაშვილზე | ||
| 245 | _cრედ. ა.სულაკაური.მხ.ზ. დეისაძე | ||
| 260 | _aთბილისი | ||
| 260 | _bნაკადული | ||
| 260 | _c1974 | ||
| 300 | _a85გვ. ; 17სმ | ||
| 653 | _aნარკვევი რკინიგზელ ირ. ფოცხვერაშვილზე | ||
| 653 | _aსწრაფვა | ||
| 653 | _aქართველი რკინიგზელები; | ||
| 942 | _cBK | ||
| 999 |
_c49029 _d49029 |
||